00457nam a2200157 4500001000700000003000900007005001700016007000300033008004100036100002500077245006700102260004800169300002800217650003300245852002100278143641ES-MaACL20230906200847.0t|070214s1935 xxk r ||||1| eng d1 aSerjeantson, Mary S.10aA history of foreign words in english / cMary S. Serjeantson. aLondon : bStephen Austin and Sons, c1935. aVIII, 354 p. ; c22 cm. 4aLengua inglesaxEtimología aES-MaACLjA-3556